| 000 | 004360000a22001450004500 | ||
|---|---|---|---|
| 003 | LK-CoMWRAF | ||
| 008 | 230817t ||||| |||| 00| 0 eng d | ||
| 040 |
_aLK-CoMWRAF _dLK-CoMWRAF _eLK-CoMWRAF |
||
| 041 | _aeng | ||
| 082 |
_a730 _bBOA |
||
| 245 |
_aThe Bo-Atte massacre and the Kebetigollawa refugee camp _ba report on the attack on Bo-Atte village in the NCP on Oct.21,1995 |
||
| 260 |
_aColombo _bICES |
||
| 300 | _ap.31 | ||
| 942 | _cBK | ||
| 999 |
_c2524 _d2524 |
||